Alton Towers Thrill Rides - Statistics

General Stats
  • This quiz has been taken 969 times
    769 since last reset
  • The average score is 8 of 13
Answer Stats
Hint Answer % Correct
1998 Oblivion
88%
2013 The Smiler
88%
1994 Nemesis
85%
2005 Rita
82%
2010 Th13teen
79%
2016 Galactica
71%
2002 - 2015 Air
60%
1980 - 2008 Corkscrew
54%
1997 - 2014 Ripsaw
33%
1984 Enterprise
32%
1980 The Blade
31%
2001 - 2013 Submission
25%
2012 Nemesis Sub-Terra
24%
No matching quizzes found
Score Distribution
Percent of People with Each Score
Percentile by Number Answered
Your Score History
You have not taken this quiz since the last reset